000 03357cam a22004574i 4500
003 PE-LiUPU
005 20250731165419.0
008 151216s2011 pe a grm 000 0 spa d
035 _a(Sirsi) a155537
040 _aPE-LiUPU
_bspa
_cPE-LiUPU
_erda
099 _aTIS 3
_bT65 2011
100 1 _aTocto Cano, Esteban
_eautor
245 1 _aImplantación de soluciones de mejora de procesos basadas en BPM e ITIL V3 en un contexto Universitario: Caso Universidad Peruana Unión /
_Esteban Tocto Cano.
264 0 _c2011.
300 _a151 hojas
_c30 cm
336 _atext
_2rdacontent
337 _aunmediated
_2rdamedia
338 _avolume
_2rdacarrier
502 _aTesis
_b(Mg.) --
_cUniversidad Peruana Unión,
_d2011.
504 _aIncluye referencias
520 3 _aEl presente trabajo de investigación muestra soluciones de mejora de procesos basadas en BPM e ITIL V3, para una institución educativa de nivel superior. En primer lugar, se describe el proceso de Knowledge Management (KM) que es parte de la "Fase de Transición del Servicio" de Information Technology Infraestructure Library (ITIL) V3; tiene como propósito asegurar que los conocimientos necesarios se presenten en un momento oportuno sobre la base de la información existente; permitiendo crear un marco de trabajo, describiendo las diferentes etapas, roles, responsabilidades, claramente identificados, desde la propuesta de las recetas de soluciones hasta la aprobación e ingreso de información, con la adopción de mejores prácticas de ITIL V3. Se identificó y modeló el proceso de KM, bajo la notación Business Process Management (BPM) permitiendo a la DIGESI brindar soluciones eficientes de servicios de TI. En segundo lugar, se presenta la automatización del proceso de Gestión de Prácticas Preprofesionales (GPPP) para la UPeU Filial Tarapoto, que está desarrollada bajo la metodología y notación BPM, modelada y automatizada con la Suite de BPM de BizAgi Xpress, que se adapta al ciclo de vida de una solución BPOM bajo las siguientes fases: Modelamiento del proceso, modelamiento de datos, diseño de formularios, reglas del negocio y participantes e integración; como parte de la integración del proceso. La aplicación interactúa con el gestor de Base de Datos de Microsoft SQL Server (MsSQL) que es el gestor de la data del proceso en estudio, quedando la posibilidad de alinear los sistemas de TI con los procesos de negocio, gracias al concepto de Service Oiented Architecture (SOA); logrando aumentar la sinergia entre la gestión de la información y los flujos de trabajo, permitiendo el uso de firmas digitales como mecanismos de seguridad por medio de reportes históricos de actividades del proceso e indicadores claves de desempeño (KPI).
526 _aSEG44
526 _aSEG26
526 _aP151
526 _aP150
526 _aP149
526 _aP146
526 _aP145
526 _aP126
526 _aP125
526 _aP92
526 _aP75
526 _aP74
526 _aP27
526 _aP15
650 0 4 _aUniversidad Peruana Unión
_xBPM.
650 0 4 _aUniversidad Peruana Unión
_xITIL.
596 _a1
942 _2ddc
_cTESIS
999 _aTIS 3 T65 2011
_wALPHANUM
_c8211
_iT01231
_lCCODEBUL3
_mBUL
_r1
_sY
_tTESIS
_u2015-12-16
_xPOSGRADO
_PP74
_o.STAFF. Tesis
_d8211
980 _81
_gALBERTO SANCHEZ Responsable de Automatización